Central Library OPAC University of Rajshahi

Requiem for a nun / (Record no. 19069)

MARC details
000 -LEADER
fixed length control field 00727nam a2200241 a 4500
001 - CONTROL NUMBER
control field 19069
003 - CONTROL NUMBER IDENTIFIER
rucl marc code UkOxU
005 - DATE AND TIME OF LATEST TRANSACTION
control field 20211209000359.0
008 - FIXED-LENGTH DATA ELEMENTS--GENERAL INFORMATION
fixed length control field 140223s1960 enk 000 0 eng d
020 ## - INTERNATIONAL STANDARD BOOK NUMBER
International Standard Book Number 0140014357 (pbk)
035 ## - SYSTEM CONTROL NUMBER
System control number BD-RjUL)19127
040 ## - CATALOGING SOURCE
Original cataloging agency IQU
Transcribing agency IQU
Modifying agency m.c
-- BD-RjUL
Language of cataloging eng
041 ## - LANGUAGE CODE
Language code of text/sound track or separate title eng
082 04 - DEWEY DECIMAL CLASSIFICATION NUMBER
Classification number 819.5
Author mark and year FAR 1960
100 1# - MAIN ENTRY--PERSONAL NAME
Personal name Faulkner, William,
Dates associated with a name 1897-1962.
9 (RLIN) 58779
245 10 - TITLE STATEMENT
Title Requiem for a nun /
Statement of responsibility, etc. William Faulkner
260 ## - PUBLICATION, DISTRIBUTION, ETC. (IMPRINT)
Place of publication, distribution, etc. Harmondsworth :
Name of publisher, distributor, etc. Penguin Books in association with Chatto & Windus,
Date of publication, distribution, etc. 1960
300 ## - PHYSICAL DESCRIPTION
Pagination 239 p. ;
Size 20 cm
490 1# - SERIES STATEMENT
Series statement Penguin modern classics
650 #0 - SUBJECT ADDED ENTRY--TOPICAL TERM
Topical term or geographic name as entry element Rape victims -- Fiction.
9 (RLIN) 58780
830 #0 - SERIES ADDED ENTRY--UNIFORM TITLE
Uniform title Penguin modern classics
942 ## - ADDED ENTRY ELEMENTS (KOHA)
Source of classification or shelving scheme Dewey Decimal Classification
Koha item type Books
Holdings
Lost status Source of classification or shelving scheme Damaged status Not for loan Collection code Permanent Location Current Location Shelving location Date acquired Source of acquisition Total Checkouts Full call number Date last seen Copy number Koha item type
  Dewey Decimal Classification     Fiction Central Library, University of Rajshahi Central Library, University of Rajshahi   29/10/1990 Shaukat Osman Gift   819.5 FAR 1960 23/02/2014 C-2 Books